Aprendizaje.

Guardado en:
Formato: Deslizar
Materias:
Etiquetas: Agregar Etiqueta
Sin Etiquetas, Sea el primero en etiquetar este registro!
LEADER 00806ngm a22002535g 4500
001 CEM.cems022385
008 130507b1998##################0###0#####d
005 20241031152033.0
245 0 0 |a Aprendizaje. 
300 |a 21'. 
500 |a En soporte VHS, consultar en ventanilla. 
505 0 |a Adaptación al medio ambiente. Percepción del idioma. Hipermedia. Neuronas. Ejercicios mentales. 
538 |a Soporte: VHS - Norma: Pal N - Color: Si - Grabación DRD 1998 - Hitachi=2840 
082 6 1 |/ TVQ 
653 |a PSICOLOGIA 
653 |a PEDAGOGIA 
653 |a APRENDIZAJE 
653 |a NEURONAS 
653 |a MENTE 
653 |a PERCEPCION 
653 |a HIPERMEDIA 
653 |a NIVEL PRIMARIO 
653 |a NIVEL SECUNDARIO 
859 |a CEMS  |b BIB. CEMS - Depto. Recursos Didacticos  |h 611  |i TVQ  |k DRD  |p 1028.12  |t Ej.1